[Event "2BLO 2223 SG Leipzig  - MSA Zugzwang"]
[Site "?"]
[Date "2023.02.04"]
[Round "5.4"]
[White "Heistermann, Till"]
[Black "Zysk, Robert"]
[Result "0-1"]
[WhiteElo "2199"]
[BlackElo "2399"]
[PlyCount "74"]
[EventDate "2023.??.??"]

1. c4 Nf6 2. g3 g6 3. Bg2 Bg7 4. Nc3 c6 5. d4 O-O 6. e4 d6 7. Nf3 Nbd7 8. O-O e5 9. Re1 a6 10. d5 Qe7 11. h3 Rb8 12. b4 cxd5 13. cxd5 Ne8 14. Qb3 b5 15. Bd2 Nb6 16. a4 Nc7 17. axb5 Nxb5 18. Bg5 Qb7 19. Nxb5 axb5 20. Nd2 h6 21. Be3 Na4 22. Rac1 Bd7 23. f4 exf4 24. gxf4 Rbc8 25. e5 Rxc1 26. Rxc1 dxe5 27. Ne4 exf4 28. Bc5 Rd8 29. Rd1 Nb2 30. Nd6 Qb8 31. Rd2 Nc4 32. Nxc4 bxc4 33. Qxc4 f3 34. Bf1 Qg3+ 35. Kh1 Bxh3 36. d6 Be5 37. b5 Bg2+ 0-1

[Event "2BLO 2223 SG Leipzig  - MSA Zugzwang"]
[Site "?"]
[Date "2023.02.04"]
[Round "5.5"]
[White "Zeller, Frank"]
[Black "Roesemann, Rainer"]
[Result "1-0"]
[WhiteElo "2357"]
[BlackElo "2284"]
[PlyCount "51"]
[EventDate "2023.??.??"]

1. e4 c6 2. d4 d5 3. exd5 cxd5 4. c4 Nf6 5. Nc3 Nc6 6. Bg5 dxc4 7. Bxc4 e6 8. Nf3 Be7 9. O-O O-O 10. Re1 a6 11. a3 b5 12. Ba2 Bb7 13. Qd3 b4 14. Na4 Qa5 15. Bxf6 gxf6 16. Bb3 Rfd8 17. d5 Na7 18. axb4 Bxb4 19. Nc3 Qb6 20. Bc2 f5 21. Ng5 h6 22. Nxf7 Rxd5 23. Nxh6+ Kg7 24. Nxd5 Bxd5 25. Nxf5+ Kf6 26. Qg3 1-0

[Event "2BLO 2223 SG Leipzig  - MSA Zugzwang"]
[Site "?"]
[Date "2023.02.04"]
[Round "5.6"]
[White "Kalkhof, Stefan"]
[Black "Hoffmeyer, Falk"]
[Result "1/2-1/2"]
[WhiteElo "2217"]
[BlackElo "2330"]
[PlyCount "39"]
[EventDate "2023.??.??"]

1. Nf3 d5 2. d4 Nf6 3. c4 e6 4. Bg5 Be7 5. Nc3 h6 6. Bh4 O-O 7. e3 b6 8. cxd5 Nxd5 9. Bxe7 Qxe7 10. Nxd5 exd5 11. Rc1 Be6 12. Bd3 c5 13. b3 Rc8 14. O-O a5 15. Ne5 Nd7 16. Nxd7 Qxd7 17. dxc5 bxc5 18. Qe2 Rab8 19. Rc3 a4 20. Rfc1 1/2-1/2

[Event "2BLO 2223 SG Leipzig  - MSA Zugzwang"]
[Site "?"]
[Date "2023.02.04"]
[Round "5.7"]
[White "Gerigk, Erasmus"]
[Black "Haufe, Laurin"]
[Result "0-1"]
[WhiteElo "2337"]
[BlackElo "2111"]
[PlyCount "186"]
[EventDate "2023.??.??"]

1. e4 c6 2. c4 d5 3. cxd5 cxd5 4. exd5 Nf6 5. Nc3 Nxd5 6. d4 Nxc3 7. bxc3 g6 8. Nf3 Bg7 9. Bd3 Qc7 10. Bd2 O-O 11. O-O Nc6 12. Re1 Re8 13. Rc1 Bd7 14. h3 Rad8 15. Bg5 a6 16. Bh4 b5 17. a4 bxa4 18. Bxa6 Ra8 19. Bc4 e6 20. Ba2 Qa5 21. Bg3 Ne7 22. Ne5 Bc6 23. Qd2 Bd5 24. Bb1 a3 25. Bd3 Rec8 26. Bf4 a2 27. c4 Qxd2 28. Bxd2 Bxe5 29. dxe5 Ra3 30. Bf1 Be4 31. Ra1 Bb1 32. Raxb1 axb1=Q 33. Rxb1 Nc6 34. Re1 Na5 35. Rc1 Ra4 36. Re1 Nxc4 37. Bxc4 Raxc4 38. g3 Kg7 39. Kg2 h6 40. h4 Rc2 41. Be3 Rd8 42. Kf3 Rd5 43. Bf4 Rc3+ 44. Kg4 h5+ 45. Kh3 Kf8 46. Kg2 Ke8 47. Ra1 Kd7 48. Ra7+ Rc7 49. Ra6 Rb7 50. Kf3 Rb3+ 51. Kg2 Kc7 52. Ra7+ Rb7 53. Ra6 Rd7 54. Kf3 Rb6 55. Ra3 Rb5 56. Rc3+ Kb6 57. Ke4 Rb4+ 58. Kf3 Kb5 59. Be3 Ka4 60. Rc1 Rb3 61. Ke4 Rd5 62. Ra1+ Kb5 63. Bf4 Rc5 64. Be3 Rb4+ 65. Bd4 Rd5 66. Rd1 Rc4 67. Ke3 Ka4 68. Rd3 Rb4 69. Rd1 Kb5 70. Rd3 Kc6 71. Rd1 Kd7 72. Ke4 Ra4 73. Rd2 Kc6 74. Ke3 Kb5 75. Rd1 Ra3+ 76. Ke4 Kc4 77. Rc1+ Kb3 78. Rb1+ Kc2 79. Rb2+ Kd1 80. Rb4 Rda5 81. Rb1+ Kc2 82. Rb2+ Kc1 83. Rb7 R3a4 84. Ke3 Rd5 85. Rc7+ Kb1 86. Bc3 Ra2 87. Bd4 Ra3+ 88. Rc3 Rxc3+ 89. Bxc3 Kc2 90. Bd4 Kd1 91. Bb2 Ke1 92. f3 Rb5 93. Bd4 Rb3+ 0-1

[Event "2BLO 2223 SG Leipzig  - MSA Zugzwang"]
[Site "?"]
[Date "2023.02.04"]
[Round "5.8"]
[White "Rausch, Stephan"]
[Black "Heydari, Edwin"]
[Result "1-0"]
[WhiteElo "2245"]
[BlackElo "1742"]
[PlyCount "49"]
[EventDate "2023.??.??"]

1. d4 d5 2. Nf3 Nf6 3. c3 e6 4. Bg5 h6 5. Bh4 c5 6. e3 Nc6 7. Nbd2 Be7 8. Bd3 Bd7 9. Ne5 Qc7 10. f4 g5 11. Bg3 Bd6 12. Ndf3 b6 13. O-O Rg8 14. Nxd7 Nxd7 15. Ne5 gxf4 16. exf4 cxd4 17. Nxc6 Qxc6 18. cxd4 Nf6 19. Rc1 Qd7 20. Qe2 Qd8 21. f5 Bxg3 22. hxg3 Qe7 23. fxe6 Rxg3 24. Qe5 Rxd3 25. Rxf6 1-0

[Event "2BLO 2223 Nickelhütte Aue - FC Bayern "]
[Site "?"]
[Date "2023.02.04"]
[Round "5.1"]
[White "Bezold, Michael"]
[Black "Antal, Gergely"]
[Result "0-1"]
[WhiteElo "2478"]
[BlackElo "2560"]
[PlyCount "44"]
[EventDate "2023.??.??"]

1. b3 Nf6 2. Bb2 g6 3. Bxf6 exf6 4. c4 d5 5. cxd5 Qxd5 6. Nc3 Qa5 7. a3 c5 8. e3 Nc6 9. Nf3 f5 10. Bc4 Bg7 11. O-O O-O 12. Qc2 Bd7 13. Rfb1 f4 14. exf4 Bf5 15. Bd3 Nd4 16. Nxd4 cxd4 17. Bxf5 dxc3 18. Bd3 cxd2 19. Ra2 Bc3 20. Be4 Rfe8 21. g3 Rad8 22. Rd1 Qh5 0-1

[Event "2BLO 2223 Nickelhütte Aue - FC Bayern "]
[Site "?"]
[Date "2023.02.04"]
[Round "5.2"]
[White "Gonda, Laszlo"]
[Black "Fedorovsky, Michael"]
[Result "1-0"]
[WhiteElo "2498"]
[BlackElo "2388"]
[PlyCount "49"]
[EventDate "2023.??.??"]

1. Nf3 Nf6 2. g3 d5 3. Bg2 c5 4. O-O e6 5. c4 d4 6. e3 Nc6 7. exd4 cxd4 8. d3 h6 9. Bd2 Nd7 10. b4 Nxb4 11. Nxd4 Nxd3 12. Bc3 N3c5 13. Nb5 Nb6 14. Be5 Nxc4 15. Nc7+ Ke7 16. Qd4 Nxe5 17. Qxe5 Nd7 18. Qf4 Rb8 19. Nc3 f6 20. Nxe6 Qa5 21. Nxf8 Rxf8 22. Rfe1+ Kf7 23. Bd5+ Kg6 24. Qg4+ Kh7 25. Re7 1-0

[Event "2BLO 2223 Nickelhütte Aue - FC Bayern "]
[Site "?"]
[Date "2023.02.04"]
[Round "5.3"]
[White "Belezky, Alexander"]
[Black "Slobodjan, Roman"]
[Result "0-1"]
[WhiteElo "2342"]
[BlackElo "2448"]
[PlyCount "120"]
[EventDate "2023.??.??"]

1. Nf3 d5 2. g3 Bg4 3. Bg2 e6 4. d3 Nd7 5. Nbd2 c6 6. O-O Be7 7. e4 h5 8. h3 Bxf3 9. Nxf3 dxe4 10. dxe4 h4 11. Nxh4 Bxh4 12. gxh4 Qxh4 13. f4 Ngf6 14. Be3 Nxe4 15. Qe1 Qxe1 16. Raxe1 Ng3 17. Rf3 Nf5 18. Bf2 Nh4 19. Rg3 Nxg2 20. Kxg2 g6 21. Bd4 Rh5 22. Rg5 Ke7 23. Rxh5 gxh5 24. f5 Rg8+ 25. Kf3 Rg5 26. fxe6 fxe6 27. Bf2 Rf5+ 28. Kg2 a6 29. Bh4+ Kf7 30. Re3 Rc5 31. Rf3+ Ke8 32. Rf2 Ra5 33. a3 Re5 34. Rd2 Rd5 35. Rf2 Nf8 36. Bg3 Ng6 37. c4 Rg5 38. Kh2 Ke7 39. Rd2 e5 40. Rd3 Ke6 41. Rb3 b5 42. a4 h4 43. Be1 bxc4 44. Rb6 Nf4 45. Bxh4 Rg2+ 46. Kh1 Kd5 47. Be1 Rc2 48. Bc3 Nxh3 49. Rxa6 Nf2+ 50. Kg1 Ne4 51. Ra5+ c5 52. Kf1 Nxc3 53. bxc3 Rxc3 54. Ke2 Ra3 55. Ra8 c3 56. a5 Kc4 57. a6 Ra1 58. a7 c2 59. Rd8 c1=Q 60. a8=Q Qf1+ 0-1

[Event "2BLO 2223 Nickelhütte Aue - FC Bayern "]
[Site "?"]
[Date "2023.02.04"]
[Round "5.4"]
[White "Eichner, Sebastian"]
[Black "Zajogin, Alexander"]
[Result "1-0"]
[WhiteElo "2316"]
[BlackElo "2389"]
[PlyCount "131"]
[EventDate "2023.??.??"]

1. d4 Nf6 2. c4 e6 3. Nf3 Bb4+ 4. Bd2 a5 5. a3 Bxd2+ 6. Qxd2 O-O 7. Nc3 d6 8. e4 Nfd7 9. Rd1 Nc6 10. Be2 e5 11. O-O f6 12. b3 Kh8 13. h3 b6 14. Kh1 Bb7 15. Qc2 exd4 16. Nxd4 Nxd4 17. Rxd4 f5 18. exf5 Qf6 19. Rd2 Qxf5 20. Qxf5 Rxf5 21. Bg4 Rf7 22. Bxd7 Rxd7 23. Re1 Kg8 24. Rde2 Kf8 25. Kh2 Rf7 26. Kg3 Bc6 27. h4 Re8 28. Rxe8+ Bxe8 29. Nd5 Bc6 30. Nf4 Re7 31. Ne6+ Kg8 32. Re3 d5 33. f4 d4 34. Re1 g6 35. Kf2 d3 36. Nd4 Rxe1 37. Kxe1 Bxg2 38. Kd2 Be4 39. Nb5 Kf7 40. Ke3 Bc6 41. Nxc7 Ke7 42. Kxd3 Kd6 43. Nb5+ Kc5 44. Nd4 Bd7 45. Kc3 Bh3 46. Nf3 h6 47. Ne5 Bf5 48. Nf7 h5 49. Ne5 Bb1 50. Nd3+ Kd6 51. Kd4 Ke6 52. b4 axb4 53. axb4 Kf5 54. b5 Kg4 55. Ke3 Ba2 56. Ne5+ Kxh4 57. Kf3 Kh3 58. Ke4 Kg3 59. c5 Be6 60. cxb6 Bc8 61. Nxg6 Kg4 62. Ke5 Bb7 63. f5 Kg5 64. Nf4 h4 65. f6 Kh6 66. Kd6 1-0

[Event "2BLO 2223 Nickelhütte Aue - FC Bayern "]
[Site "?"]
[Date "2023.02.04"]
[Round "5.5"]
[White "Hoeglauer, Patrick"]
[Black "Langrock, Hannes"]
[Result "1/2-1/2"]
[WhiteElo "2275"]
[BlackElo "2357"]
[PlyCount "92"]
[EventDate "2023.??.??"]

1. e4 c5 2. Nf3 e6 3. d4 cxd4 4. Nxd4 Nf6 5. Nc3 Nc6 6. Be3 Be7 7. Be2 O-O 8. f4 d6 9. Bf3 Qc7 10. O-O a6 11. Qe2 Nxd4 12. Bxd4 e5 13. Be3 Be6 14. Rfd1 b5 15. f5 Bc4 16. Qd2 b4 17. Nd5 Bxd5 18. exd5 Qb7 19. c4 bxc3 20. bxc3 Rfc8 21. Rac1 Nd7 22. c4 Nc5 23. Rf1 f6 24. Rb1 Qd7 25. Bd1 Bd8 26. Bc2 Qa7 27. Qf2 Ba5 28. Rb3 Qc7 29. Bxc5 Qxc5 30. Qxc5 Rxc5 31. Bd3 Kf8 32. Rfb1 Bc7 33. Ra3 Ke7 34. Kf2 a5 35. Be2 Rb8 36. Rxb8 Bxb8 37. Rg3 Kf8 38. Rb3 Ba7 39. Kf3 Rc7 40. a4 Bc5 41. Rb8+ Kf7 42. Ke4 g6 43. fxg6+ hxg6 44. h4 Kg7 45. g4 Bb4 46. Rb6 Kh6 1/2-1/2

[Event "2BLO 2223 Nickelhütte Aue - FC Bayern "]
[Site "?"]
[Date "2023.02.04"]
[Round "5.6"]
[White "Spiess, Gunter"]
[Black "Rodewis, Thomas"]
[Result "1/2-1/2"]
[WhiteElo "2362"]
[BlackElo "2347"]
[PlyCount "91"]
[EventDate "2023.??.??"]

1. d4 d5 2. c4 c6 3. Nf3 Nf6 4. Nc3 a6 5. g3 dxc4 6. a4 e6 7. Bg2 Be7 8. Ne5 a5 9. O-O O-O 10. Nxc4 Na6 11. e4 Nb4 12. Be3 b6 13. Qd2 Ba6 14. b3 Ng4 15. Rfd1 Nxe3 16. Nxe3 Rc8 17. Na2 Qc7 18. Nxb4 Bxb4 19. Qb2 Rfd8 20. Bf1 Bb7 21. Rac1 Qb8 22. f4 Bf8 23. h4 h5 24. Kh2 g6 25. Bg2 b5 26. e5 Qa7 27. Rd3 bxa4 28. bxa4 Ba6 29. Rdd1 Rb8 30. Qf2 Rb4 31. Bxc6 Rbxd4 32. Rxd4 Qxd4 33. Rd1 Qb6 34. Rxd8 Qxd8 35. Ng2 Qc7 36. Qc2 Qb6 37. Be4 Qd4 38. Bxg6 Bc5 39. Bxh5 Qg1+ 40. Kh3 Kg7 41. Bf3 Bf1 42. Qe4 Bf2 43. f5 exf5 44. Qxf5 Qh1+ 45. Kg4 Bxg2 46. Qg5+ 1/2-1/2

[Event "2BLO 2223 Nickelhütte Aue - FC Bayern "]
[Site "?"]
[Date "2023.02.04"]
[Round "5.7"]
[White "Lentrodt, Thomas"]
[Black "Wichmann, Cliff"]
[Result "1/2-1/2"]
[WhiteElo "2254"]
[BlackElo "2307"]
[PlyCount "96"]
[EventDate "2023.??.??"]

1. d4 d5 2. Nf3 Nf6 3. c4 e6 4. Nc3 Nbd7 5. e3 Be7 6. Bd3 O-O 7. O-O c5 8. cxd5 exd5 9. b3 b6 10. Bb2 Bb7 11. Qe2 Re8 12. Rfd1 Bd6 13. Bf5 Nf8 14. Nb5 Bb8 15. Rac1 a6 16. Nc3 Ne6 17. Bxe6 Rxe6 18. dxc5 bxc5 19. Na4 Ne4 20. Nxc5 Nxc5 21. Rxc5 Bd6 22. Rc2 Rc8 23. Rxc8 Qxc8 24. Rc1 Qd7 25. Bd4 Re8 26. h3 f6 27. Qd2 Rc8 28. Ne1 Rxc1 29. Qxc1 a5 30. Qc2 Ba6 31. a4 Qc8 32. Qxc8+ Bxc8 33. Bb6 Bb4 34. Nd3 Bd2 35. Nf4 Bf5 36. Nxd5 Bc2 37. Ne7+ Kf7 38. Nc6 Bxb3 39. Bxa5 Bxa4 40. Ne5+ fxe5 41. Bxd2 Kf6 42. e4 Bb5 43. f3 Ba6 44. Kf2 Bb5 45. h4 h5 46. Bc3 g6 47. Ke3 Ba4 48. g3 Bc2 1/2-1/2

[Event "2BLO 2223 Nickelhütte Aue - FC Bayern "]
[Site "?"]
[Date "2023.02.04"]
[Round "5.8"]
[White "Pulpan, Jakub"]
[Black "Gretz, Denis"]
[Result "1/2-1/2"]
[WhiteElo "2422"]
[BlackElo "2304"]
[PlyCount "53"]
[EventDate "2023.??.??"]

1. Nf3 d5 2. b3 Nf6 3. Bb2 g6 4. c4 c6 5. g3 Bg7 6. Bg2 O-O 7. O-O b6 8. d4 Bb7 9. Nc3 Nbd7 10. Qc2 Qc7 11. Rac1 Rac8 12. Qb1 Qb8 13. e4 dxe4 14. Nxe4 Rfe8 15. Ne5 Nxe5 16. dxe5 Nxe4 17. Qxe4 Ba6 18. Qe2 e6 19. Rfd1 c5 20. Rd7 Rcd8 21. Rcd1 Bf8 22. Bc6 Rxd7 23. Rxd7 Rd8 24. Qd3 Be7 25. Kg2 Qc8 26. Rxd8+ Bxd8 27. Be4 1/2-1/2

[Event "2BLO 2223 SC Garching - SC Bavaria Rege"]
[Site "?"]
[Date "2023.02.05"]
[Round "6.1"]
[White "Stocek, Jiri"]
[Black "Vykouk, Jan"]
[Result "1-0"]
[WhiteElo "2542"]
[BlackElo "2467"]
[PlyCount "119"]
[EventDate "2023.??.??"]

1. d4 f5 2. Bf4 Nf6 3. e3 d6 4. Be2 g6 5. h4 h6 6. c4 Bg7 7. Nc3 Nbd7 8. d5 Nc5 9. Nf3 e5 10. dxe6 Nxe6 11. Qc2 Nxf4 12. exf4 O-O 13. Rd1 Re8 14. c5 Ne4 15. cxd6 cxd6 16. Bc4+ Be6 17. Bxe6+ Rxe6 18. O-O Bxc3 19. bxc3 Qf6 20. Qb3 Qf7 21. Rd5 Rc8 22. c4 Nf6 23. Rd4 Ne4 24. Rfd1 Re7 25. Nd2 Nc5 26. Qa3 Rc6 27. Nf3 Ne4 28. Nd2 Nc5 29. Nf3 Ra6 30. Qb2 Qf6 31. Qc2 Ne4 32. g3 Rc7 33. Kg2 Rac6 34. Qb3 Nc5 35. Qb4 Rb6 36. Qa5 Rc8 37. Qe1 Ne6 38. Rd5 Rxc4 39. Qa5 Nc7 40. R5d3 Ra6 41. Qd2 Nb5 42. Rb3 Nc3 43. Rxb7 Rc5 44. Qe3 Rc8 45. Rc1 Rac6 46. Qd3 R8c7 47. Rb8+ Kg7 48. Nd4 Rc5 49. Re8 Kf7 50. Re6 Qd8 51. h5 Qa8+ 52. f3 Qd5 53. hxg6+ Kf8 54. Rce1 Qxa2+ 55. Kh3 Ne4 56. fxe4 Rc3 57. Qc2 Rxc2 58. Nxc2 Rxc2 59. exf5 Re2 60. R1xe2 1-0

[Event "2BLO 2223 SC Garching - SC Bavaria Rege"]
[Site "?"]
[Date "2023.02.05"]
[Round "6.2"]
[White "Koepke, Christian"]
[Black "Kaczur, Florian"]
[Result "0-1"]
[WhiteElo "2301"]
[BlackElo "2470"]
[PlyCount "68"]
[EventDate "2023.??.??"]

1. d4 Nf6 2. Nf3 g6 3. Bf4 Bg7 4. c3 d6 5. Nbd2 O-O 6. e4 Nc6 7. Be2 Qe8 8. O-O e5 9. dxe5 dxe5 10. Be3 b6 11. h3 Bb7 12. Qc2 Nh5 13. Rfe1 h6 14. Nc4 Qe6 15. Nfd2 Rad8 16. b4 Nf4 17. Bf1 Qf6 18. a4 g5 19. a5 g4 20. hxg4 Bc8 21. axb6 axb6 22. b5 Ne7 23. Ra7 Bxg4 24. Rxc7 Neg6 25. f3 Be6 26. g3 Qg5 27. Bf2 Nh4 28. Kh1 Qh5 29. gxh4 Bf6 30. Ne3 Bxh4 31. Bxh4 Qxh4+ 32. Kg1 Qxe1 33. Nd5 Rxd5 34. exd5 Kh8 0-1

[Event "2BLO 2223 SC Garching - SC Bavaria Rege"]
[Site "?"]
[Date "2023.02.05"]
[Round "6.3"]
[White "Schneider, Jana"]
[Black "Rusche, Johannes"]
[Result "1-0"]
[WhiteElo "2273"]
[BlackElo "2331"]
[PlyCount "79"]
[EventDate "2023.??.??"]

1. e4 e5 2. Nf3 Nc6 3. Bb5 a6 4. Ba4 Nf6 5. O-O Be7 6. Re1 b5 7. Bb3 O-O 8. c3 d6 9. h3 Bb7 10. d4 Re8 11. Ng5 Rf8 12. Nf3 Re8 13. Nbd2 Bf8 14. d5 Nb8 15. Nf1 Nbd7 16. Ng3 h6 17. Nh2 c6 18. dxc6 Bxc6 19. Ng4 a5 20. a3 a4 21. Ba2 Nxg4 22. hxg4 g6 23. Qf3 Qf6 24. Be3 Rac8 25. Rad1 Qxf3 26. gxf3 Nf6 27. Kg2 Nh7 28. Rh1 Ng5 29. Nf1 Kg7 30. Bxg5 hxg5 31. Ne3 Bd7 32. Rh2 Be6 33. Nd5 Rc5 34. Rdh1 Bxd5 35. Bxd5 Kf6 36. Rh8 Rcc8 37. Rd1 Red8 38. Rg8 Rc7 39. Rh1 Ke7 40. Rxg6 1-0

[Event "2BLO 2223 SC Garching - SC Bavaria Rege"]
[Site "?"]
[Date "2023.02.05"]
[Round "6.4"]
[White "Renner, Christoph"]
[Black "Pezelj, Novak"]
[Result "0-1"]
[WhiteElo "2303"]
[BlackElo "2483"]
[PlyCount "64"]
[EventDate "2023.??.??"]

1. d4 Nf6 2. Bf4 e6 3. e3 c5 4. c3 Be7 5. Nd2 O-O 6. Bd3 Nc6 7. Ngf3 cxd4 8. exd4 d6 9. Qc2 Bd7 10. Nc4 Qc7 11. O-O h6 12. Rfe1 Nd5 13. Bg3 f5 14. h3 Rac8 15. Qe2 g5 16. Bh2 Rf7 17. Kh1 Rcf8 18. Ne3 Nxe3 19. fxe3 Rg7 20. e4 g4 21. Nd2 f4 22. e5 dxe5 23. dxe5 gxh3 24. gxh3 Nxe5 25. Be4 Bc5 26. Qh5 Bc6 27. Bg1 Be3 28. Bxe3 fxe3 29. Rxe3 Rf2 30. Rg1 Rxd2 31. Rxg7+ Qxg7 32. Bxc6 bxc6 0-1

[Event "2BLO 2223 SC Garching - SC Bavaria Rege"]
[Site "?"]
[Date "2023.02.05"]
[Round "6.6"]
[White "Schimpf, Markus"]
[Black "Oberhofer, Cedric"]
[Result "1/2-1/2"]
[WhiteElo "2257"]
[BlackElo "2235"]
[PlyCount "64"]
[EventDate "2023.??.??"]

1. d4 Nf6 2. Nf3 g6 3. Bg5 d5 4. Bxf6 exf6 5. e3 Bd6 6. c4 dxc4 7. Bxc4 O-O 8. O-O f5 9. Nc3 c6 10. Qc2 Nd7 11. Rfd1 Qe7 12. d5 Nb6 13. dxc6 bxc6 14. Bb3 Bb7 15. e4 c5 16. Nd5 Bxd5 17. Bxd5 Rad8 18. g3 Nxd5 19. exd5 f4 20. Kg2 Qb7 21. Rd2 Rfe8 22. Qc4 Bf8 23. Rad1 fxg3 24. hxg3 Bh6 25. Rc2 Rd7 26. Qxc5 Red8 27. Re2 Bf8 28. Qc4 Rxd5 29. Rxd5 Qxd5 30. Qxd5 Rxd5 31. Re5 Rd7 32. a3 Be7 1/2-1/2

[Event "2BLO 2223 SC Garching - SC Bavaria Rege"]
[Site "?"]
[Date "2023.02.05"]
[Round "6.7"]
[White "Ganaus, Hannes"]
[Black "Ruecker, Benjamin"]
[Result "1/2-1/2"]
[WhiteElo "2266"]
[BlackElo "2197"]
[PlyCount "62"]
[EventDate "2023.??.??"]

1. d4 Nf6 2. Nf3 g6 3. Nbd2 Bg7 4. e4 O-O 5. e5 Nh5 6. g4 Nf4 7. Ne4 d5 8. Ng3 Ne6 9. Nf5 f6 10. Nxg7 Kxg7 11. Be3 c5 12. Qd2 g5 13. c3 cxd4 14. cxd4 Nc6 15. exf6+ exf6 16. h4 h6 17. O-O-O Qa5 18. Qxa5 Nxa5 19. b3 Nc6 20. Kb2 Bd7 21. Rg1 Rac8 22. Bd3 Ne7 23. hxg5 hxg5 24. Nd2 Rh8 25. Nf1 Nf4 26. Bxf4 gxf4 27. Re1 Kf7 28. Nd2 Rcg8 29. Be2 Rh2 30. Ref1 Nc6 31. Nf3 Rh7 1/2-1/2

[Event "2BLO 2223 SC Garching - SC Bavaria Rege"]
[Site "?"]
[Date "2023.02.05"]
[Round "6.8"]
[White "Werner, Denis"]
[Black "Kleibel, Uwe"]
[Result "1/2-1/2"]
[WhiteElo "2045"]
[BlackElo "2219"]
[PlyCount "53"]
[EventDate "2023.??.??"]

1. e4 c6 2. d4 d5 3. exd5 cxd5 4. Bd3 Nc6 5. c3 Qc7 6. Ne2 Bg4 7. O-O e6 8. Qe1 Nf6 9. f3 Bh5 10. Qh4 Rg8 11. Qg3 Qxg3 12. hxg3 Bg6 13. Bxg6 hxg6 14. Kf2 Rh8 15. Bf4 Kd7 16. Nd2 Bd6 17. Nb3 b6 18. a4 a5 19. Rh1 Rab8 20. Rad1 Nh5 21. Bxd6 Kxd6 22. Nbc1 Nf6 23. Nd3 Nd7 24. g4 g5 25. Ke3 g6 26. Kd2 Rbc8 27. Rde1 1/2-1/2

[Event "2BLO 2223 SK Göggingen - SK Passau"]
[Site "?"]
[Date "2023.02.05"]
[Round "6.1"]
[White "Diermair, Andreas"]
[Black "Braeuer, Franz"]
[Result "1/2-1/2"]
[WhiteElo "2457"]
[BlackElo "2446"]
[PlyCount "37"]
[EventDate "2023.??.??"]

1. Nf3 d5 2. c4 e6 3. g3 Nf6 4. Bg2 Be7 5. d4 c6 6. O-O O-O 7. Qc2 b6 8. b3 Nbd7 9. Bb2 Bb7 10. Nc3 Rc8 11. e4 dxe4 12. Nxe4 c5 13. Nxf6+ Nxf6 14. Rad1 Qc7 15. Qe2 Rcd8 16. Qe5 Bd6 17. Qe3 Rfe8 18. dxc5 Bxc5 19. Qe2 1/2-1/2

[Event "2BLO 2223 SK Göggingen - SK Passau"]
[Site "?"]
[Date "2023.02.05"]
[Round "6.2"]
[White "Nestorovic, Nikola"]
[Black "Schmidt, Peter"]
[Result "1/2-1/2"]
[WhiteElo "2481"]
[BlackElo "2404"]
[PlyCount "44"]
[EventDate "2023.??.??"]

1. e4 Nf6 2. e5 Nd5 3. d4 d6 4. Nf3 dxe5 5. Nxe5 c6 6. Bc4 Nd7 7. Nf3 N7f6 8. h3 Bf5 9. O-O e6 10. Bb3 h6 11. c4 Nb6 12. Nc3 Be7 13. Re1 O-O 14. Qe2 a5 15. a3 a4 16. Ba2 c5 17. Nb5 Qb8 18. Be3 Nbd7 19. Rad1 cxd4 20. Bxd4 Bc5 21. Qe3 b6 22. Ne5 Nxe5 1/2-1/2

[Event "2BLO 2223 SK Göggingen - SK Passau"]
[Site "?"]
[Date "2023.02.05"]
[Round "6.3"]
[White "Schwabeneder, Florian"]
[Black "Rozentalis, Eduardas"]
[Result "1/2-1/2"]
[WhiteElo "2399"]
[BlackElo "2506"]
[PlyCount "53"]
[EventDate "2023.??.??"]

1. e4 c6 2. d4 d5 3. exd5 cxd5 4. Bd3 Nc6 5. c3 Nf6 6. Bf4 Bg4 7. Qb3 Qd7 8. Nd2 e6 9. Ngf3 Bd6 10. Bxd6 Qxd6 11. O-O O-O 12. Rfe1 Bxf3 13. Nxf3 Rab8 14. a4 Nd7 15. Qc2 h6 16. Re3 e5 17. dxe5 Ndxe5 18. Nxe5 Nxe5 19. Rd1 Ng4 20. Rg3 Nf6 21. Be2 Rfe8 22. Rgd3 Re5 23. Bf3 Qe6 24. g3 Re8 25. Rd4 Qh3 26. Rh4 Qe6 27. Rhd4 1/2-1/2

[Event "2BLO 2223 SK Göggingen - SK Passau"]
[Site "?"]
[Date "2023.02.05"]
[Round "6.4"]
[White "Arnaudov, G. Petar"]
[Black "Leisch, Lukas"]
[Result "0-1"]
[WhiteElo "2450"]
[BlackElo "2366"]
[PlyCount "106"]
[EventDate "2023.??.??"]

1. Nf3 d5 2. g3 c5 3. Bg2 Nf6 4. O-O e6 5. d4 cxd4 6. Nxd4 e5 7. Nb3 Be6 8. Nc3 h6 9. f4 exf4 10. gxf4 g6 11. Nd4 Nc6 12. Nxe6 fxe6 13. Qd3 Kf7 14. a3 Bc5+ 15. e3 a6 16. Kh1 Ba7 17. Ne2 Ng4 18. h3 Nf6 19. b3 Qb6 20. Bd2 Rhd8 21. Rae1 Qb5 22. a4 Qxd3 23. cxd3 Rac8 24. Ng1 Ne7 25. Nf3 Rc2 26. Rc1 Rxd2 27. Nxd2 Bxe3 28. Rc2 Nh5 29. Re1 Ng3+ 30. Kh2 Bxf4 31. Nf3 Nc6 32. d4 Ne2+ 33. Kh1 Nexd4 34. Nxd4 Nxd4 35. Rc3 g5 36. Rd1 Ne2 37. Rc2 Ng3+ 38. Kg1 Be3+ 39. Kh2 Bf4 40. Kg1 Nf5 41. Re1 Ne3 42. Rce2 Nxg2 43. Kxg2 e5 44. Rc2 e4 45. h4 Ke6 46. hxg5 hxg5 47. Rh1 Rd7 48. Rh8 Kf5 49. Rf8+ Ke5 50. b4 Kd4 51. Rcc8 Bd6 52. Rf5 Bxb4 53. Rxg5 Kd3 0-1

[Event "2BLO 2223 SK Göggingen - SK Passau"]
[Site "?"]
[Date "2023.02.05"]
[Round "6.5"]
[White "Schreiner, Peter"]
[Black "Stankovic, Milos"]
[Result "1/2-1/2"]
[WhiteElo "2401"]
[BlackElo "2445"]
[PlyCount "45"]
[EventDate "2023.??.??"]

1. d4 Nf6 2. c4 e6 3. Nf3 c5 4. d5 d6 5. Nc3 exd5 6. cxd5 g6 7. Bg5 h6 8. Bh4 g5 9. Bg3 Nh5 10. Nd2 Nxg3 11. hxg3 Nd7 12. Nc4 Nb6 13. Ne3 Bg7 14. a4 a5 15. Qd3 O-O 16. Nf5 c4 17. Qc2 Bxf5 18. Qxf5 Qc8 19. Qc2 Qc5 20. e4 Rae8 21. Be2 f5 22. exf5 Nxd5 23. Nxd5 1/2-1/2

[Event "2BLO 2223 SK Göggingen - SK Passau"]
[Site "?"]
[Date "2023.02.05"]
[Round "6.6"]
[White "Schmittdiel, Eckhard"]
[Black "Weiss, Christian"]
[Result "1/2-1/2"]
[WhiteElo "2398"]
[BlackElo "2382"]
[PlyCount "107"]
[EventDate "2023.??.??"]

1. c4 Nf6 2. Nc3 g6 3. e4 d6 4. h3 c5 5. g4 Nc6 6. Bg2 Bg7 7. f4 O-O 8. Nf3 Ne8 9. O-O Nc7 10. d3 Rb8 11. Be3 b5 12. Rb1 Ba6 13. Nd2 Nb4 14. Qe2 Nc2 15. Bf2 bxc4 16. Nxc4 Nd4 17. Qd2 e6 18. Rfd1 f5 19. exf5 gxf5 20. g5 Bb7 21. Bxd4 Bxd4+ 22. Kh1 Bxg2+ 23. Kxg2 Qd7 24. Kh2 Rbe8 25. Ne2 Bg7 26. d4 Nd5 27. dxc5 dxc5 28. Ne3 Kh8 29. Nxd5 exd5 30. Ng3 d4 31. b3 Qd5 32. Re1 Re4 33. Qg2 Rfe8 34. Rxe4 fxe4 35. Re1 d3 36. Rxe4 Rf8 37. Nf1 Qd6 38. Qd2 Qd5 39. Ng3 Rd8 40. h4 Kg8 41. Re1 c4 42. bxc4 Qxc4 43. Ne4 Qc2 44. Rc1 Qxd2+ 45. Nxd2 Bd4 46. Rd1 Be3 47. f5 h6 48. g6 Kg7 49. Kg3 Kf6 50. Kf3 Bxd2 51. Rxd2 Kxf5 52. g7 Kf6 53. g8=Q Rxg8 54. Rxd3 1/2-1/2

[Event "2BLO 2223 SK Göggingen - SK Passau"]
[Site "?"]
[Date "2023.02.05"]
[Round "6.7"]
[White "Testor, Sebastian"]
[Black "Kukov, Velislav"]
[Result "1/2-1/2"]
[WhiteElo "2341"]
[BlackElo "2343"]
[PlyCount "145"]
[EventDate "2023.??.??"]

1. d4 d5 2. Nf3 Nf6 3. c4 c6 4. e3 Bg4 5. h3 Bh5 6. g4 Bg6 7. Ne5 e6 8. Bg2 Be4 9. f3 Bxb1 10. Rxb1 Nfd7 11. Nxd7 Qh4+ 12. Kf1 Nxd7 13. cxd5 exd5 14. Bd2 Bd6 15. Be1 Qe7 16. Bf2 O-O 17. Qd3 Nb6 18. Re1 c5 19. e4 dxe4 20. Qxe4 Qxe4 21. fxe4 cxd4 22. Bxd4 Bb4 23. Rc1 Rfd8 24. Be3 Bd2 25. Bxb6 Bxc1 26. Bxd8 Rxd8 27. Ke2 Rd2+ 28. Ke3 Rd1+ 29. Ke2 Rxh1 30. Bxh1 Bxb2 31. h4 Kf8 32. Kd3 b5 33. Bf3 Bf6 34. h5 Ke7 35. Bd1 Be5 36. Ke3 Kf6 37. Bb3 g6 38. Kf3 Ke7 39. Ke3 Kf6 40. Kf3 a5 41. Bd5 Bb2 42. Bc6 b4 43. Be8 Bc1 44. Ke2 Bg5 45. Kf3 Ke7 46. Ba4 Bf6 47. Bb3 Bc3 48. Ke3 Bb2 49. Kf3 Bc1 50. Ke2 Bb2 51. Ke3 Bc1+ 52. Ke2 Bb2 53. Ke3 h6 54. Kd3 Kf6 55. Kc2 Ba1 56. Kb1 Be5 57. Kc2 Ke7 58. Kd3 g5 59. Ke2 Bf4 60. Kd3 Bc7 61. Kc2 f6 62. Bg8 Kd6 63. Bh7 Kc5 64. Bf5 Kc4 65. Be6+ Kd4 66. a3 bxa3 67. Kb3 Bd6 68. Bf5 Be7 69. Ka2 Ke5 70. Bc8 Kf4 71. Bf5 a4 72. Bc8 f5 73. Bxf5 1/2-1/2